<?xml version="1.0" encoding="UTF-8"?>
<collection xmlns="http://www.loc.gov/MARC21/slim">
 <record>
  <leader>01267nam a22002775a 4500</leader>
  <controlfield tag="001">EUN.eunm005404</controlfield>
  <controlfield tag="005">20190701090523.0</controlfield>
  <controlfield tag="008">041125s1964####sp############000#0#spa#d</controlfield>
  <datafield tag="082" ind1="0" ind2="4">
   <subfield code="a">800.9</subfield>
   <subfield code="2">15</subfield>
  </datafield>
  <datafield tag="082" ind1="0" ind2="4">
   <subfield code="a">700.9</subfield>
   <subfield code="2">15</subfield>
  </datafield>
  <datafield tag="100" ind1="1" ind2=" ">
   <subfield code="a">Hauser, Arnold,</subfield>
   <subfield code="d">1892-1978.</subfield>
  </datafield>
  <datafield tag="245" ind1="1" ind2="0">
   <subfield code="a">Historia social de la literatura y el arte /</subfield>
   <subfield code="c">Arnold Hauser.</subfield>
  </datafield>
  <datafield tag="250" ind1=" " ind2=" ">
   <subfield code="a">3a.ed.</subfield>
  </datafield>
  <datafield tag="260" ind1=" " ind2=" ">
   <subfield code="a">Madrid :</subfield>
   <subfield code="b">Guadarrama,</subfield>
   <subfield code="c">1964.</subfield>
  </datafield>
  <datafield tag="300" ind1=" " ind2=" ">
   <subfield code="a">2 v.</subfield>
  </datafield>
  <datafield tag="505" ind1="0" ind2=" ">
   <subfield code="a">v.1: Prehistoria -- Antiguas culturas orientales -- Grecia y Roma -- Edad Media -- Renacimiento -- Manierismo -- Barroco -- v.2: Rococó -- Clasicismo -- Romanticismo -- Naturalismo e impresionismo -- El cine.-</subfield>
  </datafield>
  <datafield tag="650" ind1=" " ind2="7">
   <subfield code="a">Literatura.</subfield>
   <subfield code="2">unbist</subfield>
  </datafield>
  <datafield tag="650" ind1=" " ind2="7">
   <subfield code="a">Artes.</subfield>
   <subfield code="2">unbist</subfield>
  </datafield>
  <datafield tag="653" ind1=" " ind2=" ">
   <subfield code="a">Historia de la literatura</subfield>
  </datafield>
  <datafield tag="653" ind1=" " ind2=" ">
   <subfield code="a">Historia del arte</subfield>
  </datafield>
  <datafield tag="859" ind1=" " ind2=" ">
   <subfield code="a">AR-BaUNS</subfield>
   <subfield code="b">BIB. CENTRAL - Sector A</subfield>
   <subfield code="h">800.9</subfield>
   <subfield code="i">H295-1</subfield>
   <subfield code="p">106935/997</subfield>
   <subfield code="v">v.1</subfield>
  </datafield>
  <datafield tag="859" ind1=" " ind2=" ">
   <subfield code="a">AR-BaUNS</subfield>
   <subfield code="b">BIB. CENTRAL - Sector A</subfield>
   <subfield code="h">800.9</subfield>
   <subfield code="i">H295-1</subfield>
   <subfield code="p">226/967</subfield>
   <subfield code="t">Ej.2</subfield>
   <subfield code="v">v.1</subfield>
  </datafield>
  <datafield tag="859" ind1=" " ind2=" ">
   <subfield code="a">AR-BaUNS</subfield>
   <subfield code="b">BIB. CENTRAL - Sector A</subfield>
   <subfield code="h">800.9</subfield>
   <subfield code="i">H295-1</subfield>
   <subfield code="p">228/967</subfield>
   <subfield code="t">Ej.3</subfield>
   <subfield code="v">v.1</subfield>
  </datafield>
  <datafield tag="859" ind1=" " ind2=" ">
   <subfield code="a">AR-BaUNS</subfield>
   <subfield code="b">BIB. CENTRAL - Sector A</subfield>
   <subfield code="h">800.9</subfield>
   <subfield code="i">H295-1</subfield>
   <subfield code="p">48/965</subfield>
   <subfield code="v">v.2</subfield>
  </datafield>
  <datafield tag="859" ind1=" " ind2=" ">
   <subfield code="a">AR-BaUNS</subfield>
   <subfield code="b">BIB. CENTRAL - Sector A</subfield>
   <subfield code="h">800.9</subfield>
   <subfield code="i">H295-1</subfield>
   <subfield code="p">229/967</subfield>
   <subfield code="t">Ej.2</subfield>
   <subfield code="v">v.2</subfield>
  </datafield>
  <datafield tag="859" ind1=" " ind2=" ">
   <subfield code="a">AR-BaUNS</subfield>
   <subfield code="b">BIB. CENTRAL - Sector A</subfield>
   <subfield code="h">800.9</subfield>
   <subfield code="i">H295-1</subfield>
   <subfield code="p">227/967</subfield>
   <subfield code="t">Ej.3</subfield>
   <subfield code="v">v.2</subfield>
  </datafield>
 </record>
</collection>
